00571nam a22001697a 450000500170000001000150001702000260003203500130005803700130007108200080008424501540009226000390024627000380028530000390032370000170036270000220037920230502124947.0 aENG-115882 a9789385676062c345.00 aEN-99414 bDBAD/PUB a000 aS.Chand's IBPS regional rural banking :boffice assistant (Multipurpose) & office Scale /cCreated and compiled by KJS Khurana [and] Rajeev Markanday aNew DelhibS.Chand & Companyc2016 a7361,Ram NagarbNew Delhie110055 aVarious Pagings. :c24cm(pbk)bill aKhurana,KJS  a Markanday,Rajeev